Vista normal
Vista MARC
- Albertine,Kurt
Entrada Personal Name
Número de registros utilizados en: 2
001 - CONTROL NUMBER
- control field: 24553
003 - CONTROL NUMBER IDENTIFIER
- control field: OSt
005 - DATE AND TIME OF LATEST TRANSACTION
- control field: 20161004150606.0
008 - FIXED-LENGTH DATA ELEMENTS
- fixed length control field: 161004|| aca||aabn | a|a d
040 ## - CATALOGING SOURCE
- Original cataloging agency: OSt
- Transcribing agency: OSt
100 ## - HEADING--PERSONAL NAME
- Personal name: Albertine,Kurt
670 ## - SOURCE DATA FOUND
- Source citation: Work cat.: (OSt)2835: Albertine,Kurt , Atlas del cuerpo humano, 2006